| 000 | 01159nam0a2200349 4500 | ||
|---|---|---|---|
| 001 | RU\NLR\bibl\247884 | ||
| 005 | 20260405071615.0 | ||
| 010 |
_a5-8159-0175-X _91000 |
||
| 021 |
_aRU _b2001-56357 _92743 |
||
| 035 | _a(NLR Aleph) 000243721 | ||
| 090 |
_a1420890 _c1420890 |
||
| 100 | _a20020320d2001 |||y0rusy50 ca | ||
| 101 | 0 | _arus | |
| 102 | _aRU | ||
| 105 | _aa ||||||||| | ||
| 200 | 1 |
_aНе все умеют падать _eСказки для взрослых _fТоон Теллеген _g[Худож. Алексей Кокорекин] |
|
| 210 |
_aМ. _cИ. Захаров _d2001 |
||
| 215 |
_a122, [1] с. _cил. _d17 |
||
| 610 | 0 | _aСказки нидерландские (х. л.) | |
| 675 |
_a821.112.5-343.4Теллеген _v3 _zrus |
||
| 686 |
_a17.82 _2rugasnti |
||
| 686 |
_a84(4Нид)-44 _2rubbk |
||
| 686 | _aШ6(4Н)67-4 | ||
| 700 | 1 |
_4070 _7ca _8rus _aТеллеген _bТ. _f1941- _gТоон _97565 _3RU\NLR\auth\7724514 |
|
| 801 | 0 |
_aRU _bRKP _c20020320 _gPSBO |
|
| 801 | 1 |
_aRU _bRKP _c20020320 |
|
| 801 | 2 |
_aRU _bNLR _c20081007 _grcr |
|
| 942 | _cBOOK | ||
| 980 | _aNB | ||